U.S. State Capitals Skyline Quiz - Statistics

General Stats
  • This quiz has been taken 221 times
  • The average score is 10 of 16
Answer Stats
Picture Answer % Correct
Boston
88%
Salt Lake City
77%
Austin
75%
Denver
75%
Nashville
75%
Oklahoma City
70%
Atlanta
66%
Boise
65%
Phoenix
62%
Columbus
61%
Indianapolis
58%
Hartford
52%
Des Moines
45%
Richmond
44%
Raleigh
35%
Sacramento
26%
No matching quizzes found
Score Distribution
Percent of People with Each Score
Percentile by Number Answered
Your Score History
You have not taken this quiz